000 01060cam a2200133 4500500
005 20260329023137.0
041 _afre
042 _adc
100 1 0 _aAgrikoliansky, Éric
_eauthor
245 0 0 _aLes partis politiques en France
260 _bArmand Colin,
_c2016.
520 _aCet ouvrage présente l’histoire et la sociologie des partis politiques français depuis la fin du XIXe siècle jusqu’à aujourd’hui. Il propose de nombreux outils pédagogiques indispensables à une connaissance précise des grands courants qui ont composé et composent le paysage politique français : chronologies, tableaux des résultats électoraux, portraits des principaux leaders. Cette nouvelle édition mise à jour offre une synthèse claire et accessible des outils théoriques nécessaires à l’analyse sociologique de l’activité des partis et des évolutions qui affectent le système politique français dans son ensemble.
856 4 1 _uhttps://shs.cairn.info/les-partis-politiques-en-france--9782200613457?lang=fr&redirect-ssocas=7080
999 _c1925034
_d1925034